000
00286nam a22001097a 4500
999
_c
534105
_d
534105
022
_a
2521-5078
245
_a
EREVNA : Journal of Linguistics and Literature /
260
_a
Islamabad :
_b
Air University,
300
_c
24 cm.
650
_a
Social Sciences - Journals.
_9
28244
942
_c
CR